000 00470nam a2200181Ia 4500
001 23473
005 20260414150939.0
008 260414t2007||||xx |||||||||||||| ||spa||
041 _aESP
082 _a650.1
_bB45
100 _aBergdahl, Michael
_eAUT
245 0 _aCompetir y prosperar al estilo Walmart :
_blo que he aprendido de Sam Walton
260 _c2007
300 _a287 páginas :
_c24 cm.
650 _aGEN
654 _aCCO
942 _cLIB
_dJUS
_fJUS
_2ddc
_n
999 _c23473
_d23473